| 000 | 00377nam a2200145Ia 4500 | ||
|---|---|---|---|
| 008 | 230917s9999||||xx |||||||||||||| ||und|| | ||
| 040 |
_e9267 _aMAIN |
||
| 041 | _aEnglish | ||
| 082 | _a309 L628R | ||
| 100 | _aLilienfeld, Robert | ||
| 245 | 0 | _aRise of systems theory: An ideological analysis | |
| 260 |
_aNew York _bJohn Wiley _c1978 |
||
| 300 | _aviii, 292 p. | ||
| 942 | _cBK | ||
| 999 |
_c183255 _d183255 |
||